Guía de diseño del espacio público
Salvato in:
| Autori principali: | , |
|---|---|
| Natura: | Libro |
| Lingua: | spagnolo |
| Pubblicazione: |
Santiago
Minvu
2003
|
| Edizione: | 1a. ed |
| Serie: | Monografías y Ensayos
|
| Soggetti: | |
| Tags: |
Aggiungi Tag
Nessun Tag, puoi essere il primo ad aggiungerne!!
|
MARC
| LEADER | 00000nam a2200000 a 4500 | ||
|---|---|---|---|
| 001 | UCJ9733 | ||
| 003 | CL-VaPUC | ||
| 008 | 070405e20030000CL |||||||||||||||||spa|d | ||
| 082 | 0 | 4 | |a 711.4 |b HAR |2 21 |
| 100 | |a Harrison Ogalde, Francisco |e author |9 554298 | ||
| 700 | 0 | |a Swain Smith, Bruce |e author |9 519782 | |
| 245 | 1 | 0 | |a Guía de diseño del espacio público |
| 250 | |a 1a. ed | ||
| 300 | |a 489 p | ||
| 942 | |c BK | ||
| 945 | |d 20070405 00:00:00 |a cmena | ||
| 260 | |a Santiago |b Minvu |c 2003 | ||
| 650 | 0 | |a Planificación urbana |9 258176 | |
| 650 | 0 | |a Espacios públicos |9 468964 | |
| 650 | 0 | |a Diseño urbano |9 337440 | |
| 650 | 0 | |a Responsabilidad social |9 339076 | |
| 583 | |a last modification |c 20070405 00:00:00 |k Rodrigo Vera | ||
| 490 | 0 | |a Monografías y Ensayos | |
| 999 | |c 325144 |d 325142 | ||
| 952 | |0 0 |1 0 |4 0 |6 711_400000000000000_HAR_2003 |7 0 |8 A |9 405745 |a BIBARQ |b BIBARQ |d 2019-11-22 |i 4328809 |l 3 |m 2 |o 711.4 HAR 2003 |p 4328809 |r 2025-01-20 |s 2024-06-28 |w 2019-11-22 |y BK |k ARQ | ||